000 00459nam a2200181Ia 4500
005 20250326124009.0
008 250326s9999 xx 000 0 und d
037 _aTextbook
040 _aFMSL
_beng
_cFMSL
041 _aeng
_2eng
084 _aX K9
_qFMSL
100 _aMark S M
_9736580
245 0 _aEconomics in action
_cMark S M
260 _aUSA
_bUSA, Wadsworth
_c1969
300 _a564p
942 _cTB
_hX K9
999 _c1271816
_d1271816